<?xml version="1.0" encoding="UTF-8"?>
<record
    xmlns:xsi="http://www.w3.org/2001/XMLSchema-instance"
    xsi:schemaLocation="http://www.loc.gov/MARC21/slim http://www.loc.gov/standards/marcxml/schema/MARC21slim.xsd"
    xmlns="http://www.loc.gov/MARC21/slim">

  <leader>01523nam a22002417a 4500</leader>
  <controlfield tag="003">DO-SdBJH</controlfield>
  <controlfield tag="005">20240918143044.0</controlfield>
  <controlfield tag="008">240918b        |||||||| |||| 00| 0 spa d</controlfield>
  <datafield tag="040" ind1=" " ind2=" ">
    <subfield code="a">DO-SdBJH</subfield>
    <subfield code="b">spa</subfield>
    <subfield code="c">DO-SdBJH</subfield>
  </datafield>
  <datafield tag="090" ind1=" " ind2=" ">
    <subfield code="a">TG AAGBPFAFM</subfield>
    <subfield code="b">02149  2022</subfield>
  </datafield>
  <datafield tag="100" ind1="1" ind2=" ">
    <subfield code="a">Alvayero Henr&#xED;quez, Edgar Mois&#xE9;s</subfield>
    <subfield code="e">sustentante</subfield>
  </datafield>
  <datafield tag="245" ind1="1" ind2="0">
    <subfield code="a">Aportes metodol&#xF3;gicos y doctrinarios provenientes de pa&#xED;ses miembros de la conferencia de las Fuerzas Armadas  Centroamericanas (CFAC) / </subfield>
    <subfield code="c">Edgar Mois&#xE9;s Alvayero Henr&#xED;quez, Carlo Casanova Hern&#xE1;ndez, asesores Miguel Eduardo Payan Pe&#xF1;a, Tebi E. Rodr&#xED;guez Hern&#xE1;ndez</subfield>
  </datafield>
  <datafield tag="260" ind1=" " ind2=" ">
    <subfield code="a">Santo Domingo Este :</subfield>
    <subfield code="b">INSUDE, </subfield>
    <subfield code="c">2022</subfield>
  </datafield>
  <datafield tag="300" ind1=" " ind2=" ">
    <subfield code="a">ix, 53 p&#xE1;ginas, fotos, organigrama</subfield>
  </datafield>
  <datafield tag="502" ind1=" " ind2=" ">
    <subfield code="a">Trabajo de grado (Licenciatura en Ciencias Aeron&#xE1;uticas) -- Instituto Superior para la Defensa (INSUDE). -- Academia A&#xE9;rea Gral. De Brigada Piloto Frank Andr&#xE9;s Feliz Miranda, 2022</subfield>
  </datafield>
  <datafield tag="504" ind1=" " ind2=" ">
    <subfield code="a">Incluye referencias bibliogr&#xE1;ficas e &#xED;ndices</subfield>
  </datafield>
  <datafield tag="505" ind1=" " ind2=" ">
    <subfield code="a">Antecedentes hist&#xF3;ricos de las Fuerzas Armadas miembro (FAM-CFAC), proceso de transici&#xF3;n de condeca a CFAC y estructura de la misma. -- Estructura interna y aspectos legales de la conferencia de las Fuerzas Armadas Centroamericanas</subfield>
  </datafield>
  <datafield tag="700" ind1="1" ind2=" ">
    <subfield code="a">Casanova Hern&#xE1;ndez, Carlo </subfield>
    <subfield code="e">sustentante</subfield>
  </datafield>
  <datafield tag="700" ind1="1" ind2=" ">
    <subfield code="a">Payan Pe&#xF1;a, Miguel Eduardo </subfield>
    <subfield code="e">asesor</subfield>
  </datafield>
  <datafield tag="700" ind1="1" ind2=" ">
    <subfield code="a">Rodr&#xED;guez Hern&#xE1;ndez, Tebi E. </subfield>
    <subfield code="e">asesor</subfield>
  </datafield>
  <datafield tag="830" ind1=" " ind2=" ">
    <subfield code="a">INSUDE.  Academia A&#xE9;rea Gral. De Brig. Pil.  Frank Andr&#xE9;s  Feliz Miranda.  Tesis y disertaciones acad&#xE9;micas</subfield>
  </datafield>
  <datafield tag="942" ind1=" " ind2=" ">
    <subfield code="2">CL</subfield>
    <subfield code="c">T</subfield>
  </datafield>
  <datafield tag="999" ind1=" " ind2=" ">
    <subfield code="c">7895</subfield>
    <subfield code="d">7895</subfield>
  </datafield>
  <datafield tag="952" ind1=" " ind2=" ">
    <subfield code="0">0</subfield>
    <subfield code="1">0</subfield>
    <subfield code="2">CL</subfield>
    <subfield code="4">0</subfield>
    <subfield code="7">0</subfield>
    <subfield code="8">CG</subfield>
    <subfield code="a">BJHA</subfield>
    <subfield code="b">BJHA</subfield>
    <subfield code="d">2024-09-18</subfield>
    <subfield code="i">22-02149</subfield>
    <subfield code="l">0</subfield>
    <subfield code="o">TG AAGBPFAFM 02149  2022</subfield>
    <subfield code="p">22-02149</subfield>
    <subfield code="r">2024-09-18 14:18:38</subfield>
    <subfield code="t">e.1</subfield>
    <subfield code="w">2024-09-18</subfield>
    <subfield code="y">T</subfield>
  </datafield>
</record>
